History Quiz

Random History or War Quiz

Commissioning Paths in the US Armed Forces Quiz Stats

 Plays Quiz not verified by Sporcle

Challenge
Share
Tweet
Embed
Score 0/12 Timer 05:00
0 Plays Today
% Correct
Army ROTC
93.3%
Naval ROTC
63.3%
Air Force ROTC
53.3%
United States Naval Academy
50%
United States Military Academy
46.7%
Air Force Academy
46.7%
United States Coast Guard Academy
33.3%
Air Force Officer Training School (OTS)
26.7%
Army OCS
20%
Navy OCS
20%
Marine OCS
16.7%
Marine enlisted comissioning program
6.7%

You're not logged in!

Compare scores with friends on all Sporcle quizzes.
Join for Free
OR
Log In

You Might Also Like...

Show Comments

Extras

Created May 24, 2011ReportNominate
Tags:War Quiz, armed, force, military, path

Top Quizzes Today


Score Distribution

Your Account Isn't Verified!

In order to create a playlist on Sporcle, you need to verify the email address you used during registration. Go to your Sporcle Settings to finish the process.

Report this User

Report this user for behavior that violates our Community Guidelines.

Details: